000 00989nac a2200289 i 4500
003 EG-GICUC
005 20260426104311.0
008 260426s2001 ua ||||fr|||| 00| 0 eng d
020 _q30 L. E.
_a9775249260
040 _aEG-GiCUC
_beng
_cEG-GiCUC
_dEG-GiCUC
_erda
082 0 4 _221
_a336.24
092 _221
099 _aLaw 13 2001
245 0 0 _aLaw No. 157/1981 poomulagating the income tax law :
_bas amended by the unified tax.
246 1 1 _aقانون الضرائب رقم 157 لسنة 1981 المعدل بالضريبة الموحدة
264 _aEgypt :
_bThe Middle East library for economic services,
_c2001.
300 _a118 page ;
_c30 cm.
336 _2rda content
_atext
337 _2rda media
_aComputer
338 _2rda carrier
_aOnline Resource
490 _3Meles Bulletin.
650 0 _aTax law
_zEgypt.
650 0 _aIncome tax
_zEgypt.
856 4 0 _uhttps://fll.law.cu.edu.eg/fulltext/bks/ENGB13-00041.pdf
905 _a10
942 _2ddc
_cBK
_e21
_n0
999 _c73437
_d73437